MDQL
is popping MORE tags! Check the
thread
!
Quizzes
Events
Quiz Creation
Community
Videos
Private Events
Remove Ads
Sign In
Join for FREE
Feedback
Dark Mode
Quiz Categories
Sports
Geography
Music
Movies
Television
Just For Fun
Miscellaneous
History
Literature
Language
Science
Gaming
Entertainment
Religion
Holiday
For Kids
Quiz Lab
Recent
Popular Today
Quiz Kudos Today
Editor Picks
Curator Picks
Quizzes by...
Day
Popularity
Type
Ratings
Length
Year
Community
Subscriptions
Recent Discussions
Orange Saloon
Badges
Playlists
Quests
Create
Leaderboards
Showdown
Live 5
Trivia Bingo
Activity
Puzzle Library
Sporcle Events
Private Events
Virtual Trivia
Globe League
Become a Host
Pub Owners
SporcleCon
Opinionation
Our Games
Videos
Blog
Mobile Apps
Partnerships
Remove Ads and Go Orange
Feedback
Movies
Disney
Marvel Cinematic Universe
Movie Resume
Movie Titles
Oscar
Actor
Actress
Director
Pixar
Role
Movie Quotes
Movie Characters
Box Office
Nominee
Best Picture
Star Wars
James Bond
Horror Movies
Movies
Disney
Marvel Cinematic Universe
Movie Resume
Movie Titles
Oscar
Actor
Actress
Director
Pixar
Role
Movie Quotes
Movie Characters
Box Office
Nominee
Best Picture
Star Wars
James Bond
Horror Movies
Random Quiz
Search Sporcle
×
Quiz Lab
Quiz Lab
Movies
Famous
Type in answers that appear in a list
Type in answers that appear in a list
Classic
Best Score? Go Orange.
Movie objects (pics) Stats
Can you name the movies by the silhouette of a famous movie object?
By
llgrmm
8m
50 Questions
959 Plays
959 Plays
959 Plays
Comments
Comments
Give Quiz Kudos
Give Quiz Kudos
-
- Ratings
hide this ad
More Info
Replay
Link that replays current quiz
Next Quiz
Link to next quiz in quiz playlist
You Got
0%
They Got
Avg Score
43%
Avg Friend Score
Upgrade to see
Score Distribution
Jump to the score distribution portion of the page
Score
0/50
Timer
08:00
0
Plays Today
Number
Movie
% Correct
7
Ghostbusters
79.9%
22
E.T.
73.7%
38
Shrek
72.1%
11
Cast Away
66.4%
31
Psycho
66.1%
16
The Godfather
65.6%
34
Back to the Future
65.3%
5
Titanic
64.7%
45
Forrest Gump
64.1%
37
Borat
61.7%
40
Lord of the Rings
58.6%
3
King Kong
56.7%
18
Little Miss Sunshine
54.7%
32
The Fly
54.3%
44
Friday the 13th
54.3%
39
Silence of the Lambs
54%
2
Groundhog Day
53.7%
19
Fight Club
53.7%
25
Mary Poppins
53.3%
36
The Big Lebowski
53.2%
46
Inception
52.9%
43
The Matrix
51.4%
42
Snow White and the Seven Dwarfs
51.1%
14
Citizen Kane
46.6%
33
Memento
44.4%
Number
Movie
% Correct
10
The Blair Witch Project
41.2%
17
Breakfast at Tiffany's
40.8%
8
Se7en
40.4%
41
Sleeping Beauty
40.3%
29
The Ring
37.9%
21
Beauty and the Beast
36.8%
6
The Hangover
36.2%
13
Rain Man
35.6%
50
American Beauty
35.3%
28
Wall-E
34%
15
Reservoir Dogs
33.4%
4
Avatar
29.4%
1
The Shawshank Redemption
29%
49
The King's Speech
27.8%
27
Bill and Ted's Excellent Adventure
26.7%
24
Planet of the Apes
26.2%
35
Pretty Woman
22.5%
23
A Fish Called Wanda
19.2%
9
The Green Mile
18.6%
48
Easy Rider
18.1%
30
Trainspotting
16%
26
Jaws
15%
20
Snatch
10.5%
12
Dumbo
10%
47
The Hitchhiker's Guide to the Galaxy
6.6%
Quiz Playlist
Details
Report
Send in Message
Add To Playlist
More Info:
I love this quiz so much (see link) and I haven't seen it on Sporcle yet, so I thought Sporclers should be able to play it as well!
Classic:
Type in answers that appear in a list
Quiz Source
Last Updated: Feb 16, 2017
Quiz Scoreboard
CHALLENGE
Sign Up to Join the Scoreboard
Show All
Scores
Hide
Comments
May contain spoilers
Recently Published
Find the 'City' Movie
by crazypaving
Movies
60s
5x2 Blitz: Bands
by SL_Kpop136
Music
30s
Colored Red Africa Blitz
by spor1
Geography
30s
More to Explore
Quiz From the Vault
Featured Blog Post
14 Easter Pick-up Lines to Find Eggs With
hide this ad
You Might Also Like...
Tags
Famous Quiz
object
silhouette
Today's Top Quizzes in Movies
Browse Movies
hide this ad
Today's Top Quizzes in Famous
Browse Famous
Top Contributed Quizzes in Movies
1
Find The 'Big' Movie
2
Find The 'Blue' Movie
3
Find The 'Wild' Movie
4
Hidden Star Wars Character II
5
Pick 5 Posters: Directed by Spielberg
6
Hidden Star Wars Character III
7
Hidden Star Wars Character IV
8
Movies By Plot
9
Alfred Hitchcock Movies by Plot
10
Hidden Star Wars Character V
Explore More
Trending Topics
Anime
Marvel
NBA
Kpop
Disney
Crossword
Harry Potter
Song
The Office
WWE
Soccer
Puzzle
Pokémon
NFL
Country
hide this ad
More By:
llgrmm
Quiz
Plays
Rating
Category
Featured
Created
TV Series by Wives
82,053
3.97
Television
Oct 29, 2011
Movie Dragons
73,588
4.26
Movies
Dec 31, 2011
World Landmarks Close-Up
58,646
3.94
Geography
Mar 31, 2011
Gender Benders
9,504
4.25
Entertainment
Jul 1, 2011
Cryptic Songtitles (pics)
5,859
3.88
Music
Jul 15, 2011
Go to Creator's Profile
Score Distribution
Quiz Creator Spotlight
llgrmm
Follow
Send a Message
Quizzes Created
-
Created Quiz Play Count
-
More By This Creator
Popular Quizzes Today
1
5x2 Blitz: Bands
2
Find the 'City' Movie
3
Colored Red Africa Blitz
4
Find the US States - No Outlines Minefield
5
The Countries of the World
6
Find the US States
7
9x9 Crossword: Cartoon Network
8
US States
More Movies Quizzes
Quick Pick: Colin Farrell Movie Posters
Editor's Pick
Trending Quizzes
Colored Red Africa Blitz II
Colored Red Europe Blitz I
Christmas Pick: Judaism
Colored Red Africa Blitz III
Colored Red Europe Blitz II
Recently Updated
Champions League XIs: Real Madrid
pecheneg
Largest US Cities 1790-2010
pecheneg
Rides in Walt Disney World
pecheneg
Most Oscar Losses (Acting)
pecheneg
Beyoncé Albums
pecheneg
Leaping Animals
pecheneg
Reality TV Shows (A-Z)
bhenderson79
Rickey Henderson's Hall of Fame Teammates
pecheneg
Champions League XIs: Arsenal
pecheneg
Quick Pick: Celebrities in WWE's Hall of Fame
aduchscher
Trending Topics
Disney
Crossword
Kpop
NBA
Anime
Marvel
Harry Potter
Country
Pokémon
NFL
The Office
Song
Soccer
WWE
Puzzle
Your Account Isn't Verified!
In order to create a playlist on Sporcle, you need to verify the email address you used during registration. Go to your
Sporcle Settings
to finish the process.
Report this User
Report this user for behavior that violates our
Community Guidelines
.
Details:
Send Report
Go to the Sporcle.com Mobile Site →
Comments